Welche Teams in der Formel 1 hatten einen Weltmeister im Team? - Statistiken

Allgemein
  • Dieses Quiz wurde 115 mal gespielt
  • Das Durchschnittsergebnis liegt bei 7 aus 16
Antwortstatistiken
Hint Antwort % Korrekt
Ferrari
98%
Mercedes
97%
McLaren
87%
Williams
68%
2024 Red Bull Racing
55%
Lotus
50%
Benetton
37%
1950 Alfa Romeo
33%
Brabham
32%
BRM
21%
Tyrrell
21%
Brawn GP
19%
Cooper
17%
Maserati
10%
Matra
7%
Renault F1 Team
0%
Keine übereinstimmenden Quizze gefunden
Verteilung der Resultate
Anzahl Personen mit jedem Resultat
Perzentil nach korrekt beantworteten Fragen
Ihre Resultats-Entwicklung
Sie haben dieses Quiz noch nicht gespielt